00750nam a2200217 i 4500001000300000100001900003245017000022260010600192300003400298650002200332655001800354700002000372700002200392700002200414020001500436040000800451041000800459044000800467080001600475008004100491bg1 aLeigh, Stuart.00aTuning in the USA :blistener's guide 1 : programs 1-26 /cradio plays by Stuart Leigh and Rebecca Kalin ; characters created by Alvin Cooperman and George Lefferts. aNew York [etc.] :bMaxwell Macmillan International Publishing Group ;bCollier Macmillan,ccop. 1990. aVIII, 168 s. :bil. ;c28 cm. 4aJęzyk angielski aPodręczniki1 aKalin, Rebecca.1 aCooperman, Alvin.1 aLefferts, George. a0023454733 cBPK0 aeng aUSA a811.111(07)100830s1990 us |001 0 eng